|
|
|
|
| LEADER |
00858cam a2200241 7i4500 |
| 001 |
0000038867 |
| 005 |
20170218090000.0 |
| 020 |
|
|
|a 9780875844039
|
| 020 |
|
|
|a 0875844030 (hbk.)
|
| 090 |
0 |
0 |
|a HF1131
|b .B48 1994
|
| 100 |
1 |
|
|a Barnes, Louis B
|
| 245 |
1 |
0 |
|a Teaching and the case method :
|b text, cases, and readings
|c Louis B. Barnes, C. Roland Christensen, and Abby J. Hansen.
|
| 250 |
|
|
|a 3rd ed.
|
| 260 |
|
|
|a Boston, Mass:
|b Harvard Business School Press,
|c 1994.
|
| 300 |
|
|
|a xiii, 333 p.;
|c 29 cm.
|
| 504 |
|
|
|a Includes bibliographical references
|
| 650 |
0 |
0 |
|a Case method
|
| 650 |
0 |
0 |
|a Business teachers --
|x Training of --
|z United States
|
| 700 |
1 |
|
|a Christensen, C. Roland
|
| 700 |
1 |
|
|a Hansen, Abby J
|
| 997 |
|
|
|a Business & Accountancy, Faculty
|
| 998 |
|
|
|a Accountancy, Degree
|
| 999 |
|
|
|a 0000001210
|b BOK
|c OPEN SHELF
|e 1st Floor, Shah Alam
|